000 00518nam a2200193Ia 4500
005 20250508160914.0
008 008 250505s9999 xx 000 0 eng d
037 _aTextual
040 _aFEDL
_beng
_cFEDL
041 _aeng
_2eng
084 _a370, TIW
_qFEDL
100 _aTiwari D.D.
_9769709
245 0 _aEducation at the crossroads
260 _aAllahabad, India
_bChugh Publications
_c1975
300 _a142p.
650 _aEducation
942 _cTEXL
_h370, TIW
999 _c1367311
_d1367311